The terrible truth about time / (Record no. 5627)

MARC details
000 -LEADER
fixed length control field 00988nam a22002537a 4500
001 - CONTROL NUMBER
control field 5627
003 - CONTROL NUMBER IDENTIFIER
control field FISKH
005 - DATE AND TIME OF LATEST TRANSACTION
control field 20250108092121.0
008 - FIXED-LENGTH DATA ELEMENTS--GENERAL INFORMATION
fixed length control field 250108b cb ||||| |||| 00| 0 eng d
020 ## - INTERNATIONAL STANDARD BOOK NUMBER
International Standard Book Number 9781407109589
040 ## - CATALOGING SOURCE
Original cataloging agency FISKH
Language of cataloging eng
Transcribing agency FISKH
Modifying agency FISKH
050 ## - LIBRARY OF CONGRESS CALL NUMBER
Classification number PZ7
082 ## - DEWEY DECIMAL CLASSIFICATION NUMBER
Classification number 529
100 ## - MAIN ENTRY--PERSONAL NAME
Personal name Arnold, Nick
245 ## - TITLE STATEMENT
Title The terrible truth about time /
Statement of responsibility, etc. by Nick Arnold : Illustrated by Tony De Saulles
260 ## - PUBLICATION, DISTRIBUTION, ETC.
Place of publication, distribution, etc. New York :
Name of publisher, distributor, etc. Scholastic ;
Date of publication, distribution, etc. 2002.
300 ## - PHYSICAL DESCRIPTION
Extent 159 pages :
Other physical details illustrations ;
Dimensions 21 cm .
490 ## - SERIES STATEMENT
Series statement Horrible Science
520 ## - SUMMARY, ETC.
Summary, etc. This work helps you find out what happens if you go too close to a black hole and how flies tell the time. With a fantastic new cover look and extraorrible bits at the back of the book, this best-selling title is sure to be a huge hit with a new generation of "Horrible Science" readers.
650 ## - SUBJECT ADDED ENTRY--TOPICAL TERM
Topical term or geographic name entry element time travel
Form subdivision non-fiction
700 ## - ADDED ENTRY--PERSONAL NAME
Personal name Saulles, Tony De
Relator term illustrator
942 ## - ADDED ENTRY ELEMENTS (KOHA)
Source of classification or shelving scheme Dewey Decimal Classification
Koha item type Books
Suppress in OPAC No
Holdings
Withdrawn status Lost status Source of classification or shelving scheme Damaged status Not for loan Collection Home library Current library Shelving location Date acquired Total Checkouts Full call number Barcode Date last seen Copy number Price effective from Koha item type
    Dewey Decimal Classification     Non-Fiction Footprints International School Library Network Toul Kork Campus Footprints International School Library Network Toul Kork Campus A TK Campus, 4th Floor, Room B401, Non-Fiction Bookcases(7-8) 08/28/2025   ARN 529 PZ7 FISTKG5B020 08/28/2025 2 08/28/2025 Books
    Dewey Decimal Classification     Non-Fiction Footprints International School Library Network Toul Tom Poung Campus Footprints International School Library Network Toul Tom Poung Campus TTP Secondary Non-Fiction Bookshelves 01/08/2025   ARN 529 PZ7 FIS01154 01/08/2025 1 01/08/2025 Books